| 000 | 00657nam a22002297a 4500 | ||
|---|---|---|---|
| 999 |
_c4155 _d4155 |
||
| 003 | AR-CdUCM | ||
| 008 | 190308b ||||| |||| 00| 0 spa d | ||
| 040 |
_aMUNICIPALIDAD PROVINCIAL DEL CUSCO _cBIBLIOTECA MUNICIPAL DEL CUSCO |
||
| 082 |
_22ed. _a869.562 / _bAL39 |
||
| 100 |
_aAlegria, Ciro _9807 |
||
| 245 | _aLa ofrenda de piedra / | ||
| 260 |
_aLima : _bUniverso, _c1973. |
||
| 300 |
_a172 paginas ; _c17cm. |
||
| 500 | _aColeccioón de Autores Peruanos | ||
| 650 |
_aLiteratura _983 |
||
| 650 |
_aPerú _935 |
||
| 650 |
_aSiglo XX _98 |
||
| 650 |
_aLatinoamerica _94398 |
||
| 700 |
_aEscobar, ALberto _91581 |
||
| 942 |
_2ddc _cLIBROS |
||
| 945 | _apjha | ||